Catálogo
 En Linea

Una exploración en el campo de las finanzas en favor de la rehabilitación económica de la República Dominicana. (Registro nro. 15151)

Detalles MARC
000 -CABECERA
campo de control de longitud fija 00543nam a2200157 a 4500
001 - NÚMERO DE CONTROL
campo de control 000015596
005 - FECHA Y HORA DE LA ÚLTIMA TRANSACCIÓN
campo de control 20200929164102.0
008 - DATOS DE LONGITUD FIJA--INFORMACIÓN GENERAL
campo de control de longitud fija 100215s196u dr 000 0 spa d
040 ## - FUENTE DE LA CATALOGACIÓN
Centro catalogador/agencia de origen DO-SdBNP
Lengua de catalogación spa
Centro/agencia transcriptor BNPHU
082 ## - NÚMERO DE LA CLASIFICACIÓN DECIMAL DEWEY
Número de clasificación xxx
Número de documento/Ítem M843u
049 ## - FONDOS LOCALES (OCLC)
Fondos de biblioteca BNPD
100 1# - ENTRADA PRINCIPAL--NOMBRE DE PERSONA
Nombre de persona Morera, José
9 (RLIN) 22544
245 14 - MENCIÓN DE TÍTULO
Título Una exploración en el campo de las finanzas en favor de la rehabilitación económica de la República Dominicana.
260 ## - PUBLICACIÓN, DISTRIBUCIÓN, ETC.
Lugar de publicación, distribución, etc. Santiago de los Caballeros :
Nombre del editor, distribuidor, etc. Estudios Económicos, Sociales y Políticos,
Fecha de publicación, distribución, etc. 196u.
300 ## - DESCRIPCIÓN FÍSICA
Extensión 22 p. ;
Dimensiones 23 cm.
Existencias
Estado de retiro Estado de pérdida No para préstamo Código de colección Localización permanente Ubicación/localización actual Ubicación en estantería Fecha de adquisición Número de inventario Total de préstamos Signatura topográfica completa Código de barras Fecha visto por última vez Precio válido a partir de Tipo de ítem Koha
    Excluido de préstamo Patrimonio Dominicano Patrimonio Dominicano Patrimonio Dominicano Depósito 15.02.2010 LF1   xxx M843u 15596-10 25.06.2020 25.06.2020 Libro y Folleto Colección Patrimonio Dominicano

Con tecnología Koha